00737nam a2200241 a 4500001001300000003000900013005001700022008004100039020001000080082002100090100001600111245008100127260006000208300000900268500003500277505001600312650002000328700001600348902000800364942000700372952010100379999001500480nice12345678IN_TiNIC20260116012211.0050524s0000 bria grp 000 0 eng  ac10000a305.6297041bSAN aSanneh, L O aMuslim Community in Britainb Religious Factor in British Immigration: Repor aBritainbBritish Council of Churches and the Confc0000 a28p. aincludes index and biblioraphy2 acyclostyled aMuslims-Britain1 aSanneh, L O bRBA cBK 00104070aHMIbHMId2007-03-27g100.00l0o305.6297041 SANp07807r2007-03-27w2026-01-16yEB c6048d6048